Vídeň

Enregistré dans:
Détails bibliographiques
Format: Livre
Publié: Brno : Computer Press
Tags: Ajouter un tag
Pas de tags, Soyez le premier à ajouter un tag!

MARC

LEADER 00000nam a22000003a 4500
001 stu175107
005 20150408182600.5
008 081030s--------xr----------------------d
040 |a STU  |b slo 
041 0
044 |a xr 
245 |a Vídeň 
260 |a Brno :  |b Computer Press 
996 |b 284M069157  |c M*B-544  |l MMKN  |s A  |a 24  |w stu175107_0001